000 00191 a2200097 4500
020 _a9788413182896
041 _aspa
100 _aORO, Begona
245 _aLas Olimpiadas de Rasi
942 _cBK
999 _c26503
_d26503